| 000 | 01048nam a2200277 a 4500 | ||
|---|---|---|---|
| 001 | 000044881 | ||
| 005 | 20240509192332.0 | ||
| 008 | 150115s2015 dr a 000 0 spa d | ||
| 020 | _a9789945896909 | ||
| 040 |
_aDO-SdBNP _bspa _cBNPHU |
||
| 082 |
_a306.8 _bP762o |
||
| 100 | 1 |
_aPolanco, Edwin _972889 |
|
| 245 | 1 | 0 |
_aOcho pasos hacia el altar : _blo que todos deberían saber del matrimonio / _cEdwin Polanco, Elizabeth Polanco; prólogo José Dunker; ilustración Lony Fernández Álvarez. |
| 260 |
_aSanto Domingo : _bSpirole agencia creativa, _c2015. |
||
| 300 |
_a174 p. : _bil. ; _c18 cm. |
||
| 504 | _aBibliografía p: 171-174 | ||
| 590 | _aInventariado,2018/DG | ||
| 650 | 0 |
_aMatrimonio _9797 |
|
| 650 | 4 |
_aEducación para la vida familiar _92729 |
|
| 650 | 4 |
_aSexo en el matrimonio _9804 |
|
| 650 | 4 |
_aMatrimonio _xAspectos religiosos _92391 |
|
| 700 | 1 | 2 |
_aFernández Álvarez, Lony _eil. _972890 |
| 700 | 1 | 2 |
_aPolanco, Elizabeth _972891 |
| 700 | 1 | 2 |
_aDunker L., José, _d1943- _eprol. _91027 |
| 910 | _aValidado. Control de calidad MFF | ||
| 999 |
_c44370 _d44370 |
||